El bello Japón y yo

Enregistré dans:
Détails bibliographiques
Auteur principal: Kawabata, Yasunari (Auteur)
Format: Livre
Langue:espagnol
japonais
Publié: Buenos Aires EUDEBA 1987
Collection:Colección Japón
Sujets:
Tags: Ajouter un tag
Pas de tags, Soyez le premier à ajouter un tag!

MARC

LEADER 00000nam a2200000 a 4500
001 UCX4651
003 CL-VaPUC
008 920701e19870000AG |||||||||||||||||spa|d
041 0 7 |a spa  |2 CL-VaPUC 
041 0 7 |a jpn  |2 CL-VaPUC 
082 0 4 |a 895.6  |b KAW  |2 21 
100 |a Kawabata, Yasunari  |e author  |9 585220 
245 1 3 |a El bello Japón y yo 
300 |a 67 p 
942 |c BK 
945 |d 19920701 00:00:00 
260 |a Buenos Aires  |b EUDEBA  |c 1987 
650 7 |a LITERATURA JAPONESA FILOSOFIA  |2 CL-VaPUC  |9 320894 
583 |a last modification  |c 19920701 00:00:00  |k Rodrigo Vera 
490 0 |a Colección Japón 
999 |c 225065  |d 225063 
952 |0 0  |1 0  |4 0  |6 895_600000000000000_KAW_1987  |7 0  |8 A  |9 222243  |a BIBTEO  |b BIBTEO  |d 2019-11-15  |i 2910861  |o 895.6 KAW 1987  |p 2910861  |r 2025-01-17  |w 2019-11-15  |y BK  |k ICR